Anson's Law of contract

Bibliographic Details
Main Author: Guest, A.G
Format: Book
Language:English
Published: Singapore Oxford University Press 1984
Edition:26th. ed.
Subjects:
LEADER 00589cam a2200217 a 4500
001 0000132960
005 20121220090000.0
040 |a mod 
041 |a eng 
020 |a 0195826388 
090 0 0 |a 346.4202  |b ANS 
100 1 |a Guest, A.G. 
245 1 0 |a Anson's Law of contract  |c A.G.Guest 
250 |a 26th. ed. 
260 |a Singapore  |b Oxford University Press  |c 1984 
300 |a 641p.  |c 24 cm 
504 |a Includes bibliographical references 
650 0 0 |a Contracts 
650 0 0 |a Contracts (International law) 
852 0 0 |a 01 
999 |a B000017895  |b IJED  |d BOOKS  |e Umum  |f 4 DIV  |j AVAILABLE  |q GOOD CONDITION